000 00730nam a22002297a 4500
005 20170124110026.0
010 _aA-411369
020 _c00.00
_a0241124395
035 _aA-411369
037 _bCen Lib/Ret
040 _aDPL
_bEN
082 _a641.3
_bCOM
245 _aThe compelete new herbal :
_cedited by Richard Mabey...[et al.].
_ba practical guide to herbal living /
260 _aLondon
_bElm Tree Books
_c1988
270 _bLondon
_a27, Wrights Lane
300 _a288p.:
_c25cm(Hb)
_bcol. ill.
500 _aIncludes bibliographical references and index
650 _aHerbs
_920742
650 _aHerbs -- Use - Manuals
_920743
700 _aMabey, Richard
_920744
942 _2ddc
_cEN
_h641.3
_mCOM
999 _c127526
_d127526